000 01062nam a2200289 a 4500
001
003 OSt
005 20241120124037.0
008 110914s20uu dr 000 0 spa d
040 _aDO-SdBPM
_bspa
_cBPMSU
082 4 _a923.27293
_bB742J
_222
245 1 0 _aJuan Bosch en Cuba /
_ccompilador, Luis F. Céspedes Espinosa.
260 _aSanto Domingo :
_bFUNGLODE,
_c[200-?]
_b
300 _a375 p. ;
_c28 cm.
490 0 _aCátedra Juan Bosch
500 _aA la cabeza de la cubierta : Cátedra Juan Bosch en el Centenario de su Natalicio
590 _aInventariado, 2024/VM
600 1 4 _a Bosch, Juan,
_d1909-2001
_vBiografías
600 1 4 _aBosch, Juan
_d1909-2001
_xArtículos de prensa
_x
600 1 4 _aBosch, Juan
_d1909-2001
_xVida política
651 4 _aRepública Dominicana
_xHistoria
_y1947-
700 1 _aCéspede Espinosa, Luis F.
_ecompilador
710 2 _aFundación Global Democracia y Desarrollo (República Dominicana)
710 2 _aUniversidad de la Habana
_b
910 _a VMateo V. Control de calidad BPMSU
942 _2ddc
_cBK
999 _c13823
_d13823